Statistics for Municipalities of Saitama Prefecture

Click here to take the quiz!

General Stats

  • This quiz has been taken 143 times
  • The average score is 36 of 63

Answers on the Map

Answers color-coded by a green-red scale on the quiz's map according to % correct below.
 

Answer Stats

Answer% Correct
Saitama さいたま
100%
Kawaguchi 川口
90%
Tokorozawa 所沢
90%
Kawagoe 川越
88%
Kasukabe 春日部
83%
Koshigaya 越谷
83%
Kumagaya 熊谷
78%
Chichibu 秩父
75%
Kuki 久喜
75%
Soka 草加
75%
Wako 和光
75%
Toda 戸田
73%
Warabi 蕨
73%
Fujimi 富士見
68%
Fukaya 深谷
68%
Niiza 新座
68%
Ageo 上尾
65%
Fujimino ふじみの
65%
Hanno 飯能
65%
Higashimatsuyama 東松山
63%
Hanyu 羽生
60%
Honjo 本庄
60%
Kazo 加須
60%
Konosu 鴻巣
60%
Misato 美里
60%
Misato 三郷
60%
Nagatoro 長瀞
60%
Asaka 朝霞
58%
Okegawa 桶川
58%
Sayama 狭山
58%
Shiki 志木
55%
Yorii 寄居
55%
Yoshikawa 吉川
55%
Gyoda 行田
53%
Iruma 入間
53%
Yashio 八潮
53%
Hasuda 蓮田
50%
Higashichichibu 東秩父
50%
Kitamoto 北本
50%
Satte 幸手
50%
Sugito 杉戸
50%
Hatoyama 鳩山
48%
Ina 伊奈
48%
Sakado 坂戸
48%
Hidaka 日高
45%
Ogano 小鹿野
45%
Ogawa 小川
45%
Ogose 越生
45%
Ranzan 嵐山
45%
Kamikawa 神川
43%
Miyoshi 三芳
43%
Shiraoka 白岡
43%
Kamisato 上里
40%
Kawajima 川島
40%
Matsubushi 松伏
40%
Minano 皆野
40%
Miyashiro 宮代
40%
Moroyama 毛呂山
40%
Tokigawa ときがわ
40%
Tsurugashima 鶴ヶ島
40%
Yoshimi 吉見
40%
Yokoze 横瀬
38%
Namegawa 滑川
35%

Score Distribution

Percentile by Number Answered

Percent of People with Each Score

Your Score History

You have not taken this quiz